000 00518nam a2200193Ia 4500
008 151119s9999||||xx |||||||||||||| ||und||
082 _a891.463
082 _bGKKV14586
100 _aजोशी मृणालिनी
245 _aमुक्ताई
260 _a--
260 _b--
260 _c1996
600 _aजोशी मृणालिनी
630 _aमुक्ताई
700 _aजोशी मृणालिनी
730 _aमुक्ताई
942 _cBOOK
999 _c1068091
_d1068088